[Event "Ceriano Laghetto op-C 24th"]
[Site "Ceriano Laghetto"]
[Date "2015.03.08"]
[Round "4"]
[White "Aldeghi, Damiano"]
[Black "Carugati, Mario"]
[Result "1-0"]
[WhiteElo "1456"]
[BlackElo "1389"]
[PlyCount "81"]
[EventDate "2015.03.06"]
[EventType "swiss"]
[EventRounds "5"]
[EventCountry "ITA"]
[SourceTitle "EXT 2024"]
[Source "ChessBase"]
[SourceDate "2023.10.10"]
[SourceVersion "1"]
[SourceVersionDate "2023.10.10"]
[SourceQuality "1"]

1. e4 e5 2. Nf3 Nc6 3. Bc4 h6 4. Nc3 Nf6 5. d4 Bb4 6. dxe5 Nxe4 7. Qd5 Qe7 8. Qxe4 d6 9. Bb5 Bxc3+ 10. bxc3 Bd7 11. Ba3 a6 12. Ba4 b5 13. Bb3 0-0 14. Bd5 Qe8 15. 0-0 Kh8 16. exd6 Qxe4 17. Bxe4 cxd6 18. Bxd6 f6 19. a4 Rac8 20. axb5 axb5 21. Rab1 Rfe8 22. Bd5 Ne7 23. Bf7 Rf8 24. Bb3 Rfe8 25. Rfe1 Nf5 26. Rxe8+ Rxe8 27. Bb4 Bc6 28. Nd4 Be4 29. Nxb5 Rd8 30. Re1 Bc6 31. c4 Nh4 32. Nd6 Rb8 33. Bc3 Bxg2 34. Re8+ Rxe8 35. Nxe8 Be4 36. c5 Bc6 37. Nd6 Nf3+ 38. Kg2 Kh7 39. Bf7 Ne1+ 40. Kg3 Nxc2 41. Be8 1-0

[Event "Como Province-ch"]
[Site "Villa Guardia"]
[Date "2013.01.20"]
[Round "3"]
[White "Aldeghi, Damiano"]
[Black "Napoli, Ferdinando"]
[Result "0-1"]
[WhiteElo "1434"]
[BlackElo "1723"]
[PlyCount "53"]
[EventDate "2013.01.19"]
[EventType "swiss"]
[EventRounds "6"]
[EventCountry "ITA"]
[SourceTitle "EXT 2014"]
[Source "ChessBase"]
[SourceDate "2013.11.20"]
[SourceVersion "1"]
[SourceVersionDate "2013.11.20"]
[SourceQuality "1"]

1. e4 c5 2. Nf3 d6 3. Bc4 e6 4. 0-0 Nc6 5. d4 cxd4 6. Nxd4 Bd7 7. Nc3 a6 8. Nxc6 Bxc6 9. a4 Nf6 10. Re1 Qc7 11. a5 Be7 12. Qd4 Rc8 13. e5 dxe5 14. Qb6 Qxb6 15. axb6 Bc5 16. Be3 Bb4 17. Bd2 0-0 18. Rad1 Rfd8 19. h3 Rd4 20. b3 Rxd2 21. Rxd2 Bxc3 22. Red1 Bxd2 23. Rxd2 Kf8 24. Rd1 Ke7 25. Ra1 Nd5 26. Bxa6 Ra8 27. Ra5 0-1

[Event "Villa Guardia D Oro Cup 30th"]
[Site "Villa Guardia"]
[Date "2012.11.03"]
[Round "3"]
[White "Aldeghi, Damiano"]
[Black "Napoli, Ferdinando"]
[Result "0-1"]
[WhiteElo "1405"]
[BlackElo "1732"]
[PlyCount "102"]
[EventDate "2012.11.01"]
[EventType "swiss"]
[EventRounds "6"]
[EventCountry "ITA"]
[SourceTitle "EXT 2014"]
[Source "ChessBase"]
[SourceDate "2013.11.20"]
[SourceVersion "1"]
[SourceVersionDate "2013.11.20"]
[SourceQuality "1"]

1. e4 c5 2. Nf3 d6 3. Nc3 a6 4. d4 cxd4 5. Nxd4 Nf6 6. Be2 e6 7. 0-0 Be7 8. Be3 Qc7 9. Nf3 b5 10. a3 Bb7 11. Qd3 Nbd7 12. Rfd1 Nc5 13. Bxc5 Qxc5 14. Qd4 Qc7 15. e5 dxe5 16. Qxe5 Rc8 17. Rd2 0-0 18. Rad1 Nd5 19. Nxd5 Bxd5 20. Qxc7 Rxc7 21. Ne1 Bg5 22. Rd4 Bf6 23. Rb4 g6 24. a4 Be7 25. Rbd4 Bf6 26. Rb4 Bc4 27. Bxc4 Rxc4 28. Rxc4 bxc4 29. c3 Rb8 30. Rb1 Bxc3 31. Nc2 Rxb2 32. Rxb2 Bxb2 33. Kf1 f5 34. Ke2 Kf7 35. Kd2 e5 36. Nb4 Ke6 37. Nxa6 Kd6 38. Kc2 Bd4 39. f3 Kc6 40. Nb4+ Kc5 41. Na6+ Kb6 42. Nb4 Ka5 43. Nd5 Kxa4 44. Nf6 Bc5 45. Nxh7 Be7 46. Kc3 Kb5 47. g4 Kc5 48. g5 Bd8 49. h4 e4 50. fxe4 fxe4 51. h5 gxh5 0-1

[Event "Villa Guardia Coppa D'Oro 29th"]
[Site "Villa Guardia"]
[Date "2011.10.30"]
[Round "2"]
[White "Aldeghi, Damiano"]
[Black "Napoli, Ferdinando"]
[Result "0-1"]
[WhiteElo "1425"]
[BlackElo "1740"]
[PlyCount "82"]
[EventDate "2011.10.30"]
[EventType "swiss"]
[EventRounds "6"]
[EventCountry "ITA"]
[SourceTitle "EXT 2024"]
[Source "ChessBase"]
[SourceDate "2023.10.10"]
[SourceVersion "1"]
[SourceVersionDate "2023.10.10"]
[SourceQuality "1"]

1. e4 c5 2. Nf3 d6 3. d4 cxd4 4. Nxd4 Nf6 5. Nc3 a6 6. Be2 e6 7. h3 Qc7 8. Qd3 Nbd7 9. Qg3 b5 10. a3 Bb7 11. Bd3 g6 12. 0-0 Bg7 13. Be3 Nc5 14. f3 0-0 15. Nde2 Rac8 16. Rad1 Rfd8 17. Bf4 Nh5 18. Qh2 Nxf4 19. Qxf4 Nd7 20. Qe3 Nf6 21. Qf4 Qc5+ 22. Kh1 Nh5 23. Qh2 e5 24. Nd5 Bxd5 25. exd5 f5 26. b4 Qe3 27. Qg1 Qxg1+ 28. Rxg1 Nf6 29. Rge1 e4 30. fxe4 fxe4 31. Bxb5 axb5 32. Nd4 Nxd5 33. Nxb5 Nc3 34. Nxc3 Rxc3 35. a4 Rc4 36. Re3 Rxb4 37. Ra3 Bb2 38. Ra2 e3 39. Re1 Re8 40. Re2 Be5 41. Re1 Bg3 0-1

[Event "Ceriano Laghetto op-C 20th"]
[Site "Ceriano Laghetto"]
[Date "2011.04.01"]
[Round "1"]
[White "Sala, Pierluigi"]
[Black "Aldeghi, Damiano"]
[Result "0-1"]
[WhiteElo "1508"]
[BlackElo "1419"]
[PlyCount "118"]
[EventDate "2011.04.01"]
[EventType "swiss"]
[EventRounds "5"]
[EventCountry "ITA"]
[SourceTitle "EXT 2024"]
[Source "ChessBase"]
[SourceDate "2023.10.10"]
[SourceVersion "1"]
[SourceVersionDate "2023.10.10"]
[SourceQuality "1"]

1. d4 d5 2. Nf3 Nc6 3. Bf4 Nf6 4. e3 a6 5. c4 e6 6. Nc3 Bb4 7. Be2 Ne4 8. Rc1 0-0 9. 0-0 Nxc3 10. bxc3 Bd6 11. cxd5 exd5 12. Bxd6 Qxd6 13. Qc2 h6 14. Rfe1 Bg4 15. e4 dxe4 16. Qxe4 Be6 17. c4 f5 18. Qd3 Nb4 19. Qb3 a5 20. d5 Bf7 21. Nd4 Bg6 22. a3 Na6 23. Ne6 Nc5 24. Nxc5 Qxc5 25. Qxb7 Rfb8 26. Qc6 Qxc6 27. dxc6 Rb3 28. a4 Re8 29. c5 Ra3 30. Bc4+ Kf8 31. Rxe8+ Bxe8 32. Bb5 Bf7 33. g3 Bb3 34. Re1 Bxa4 35. Bxa4 Rxa4 36. Rd1 Rc4 37. Rd8+ Ke7 38. Rd7+ Ke8 39. Rxc7 Rxc5 40. Ra7 Kd8 41. Rxg7 Rxc6 42. Ra7 Rc5 43. h4 Kc8 44. h5 Kb8 45. Rh7 Rc6 46. Rf7 Rc5 47. Rf6 a4 48. Rxh6 Kb7 49. Rg6 a3 50. h6 a2 51. Rg7+ Rc7 52. Rxc7+ Kxc7 53. h7 a1Q+ 54. Kg2 Qg7 55. Kf3 Qxh7 56. Kf4 Qg6 57. f3 Kd6 58. g4 Ke6 59. gxf5+ Qxf5+ 0-1